| 000 | 00928 a2200145 4500 | ||
|---|---|---|---|
| 001 | 119821 | ||
| 040 | _cEscola Canadense de Niteroi | ||
| 090 | _aMEL | ||
| 100 | _aMelissa | ||
| 245 | 1 | 0 | _aThe wonderful world of peekaboo! |
| 520 | _aPlaying peekaboo is more fun than ever with this crinkling, squeaking, lift-the-flap cloth book filled with jungle animals, flying friends, and more. Take a peek to see what you can find! Melissa & Doug K's Kids cloth books are packed with low-tech, high-impact novelties, and durably constructed to last through story time, playtime, and the washing machine, too! Details 5+ peekaboo animals in every scene Multi-texture crinkly flaps Cheerful scenes to explore and discuss Machine washable Part of Melissa & Doug K's Kids toys and books for babies and toddlers (Grade Level: PreeSchool-Kindergarten) | ||
| 650 | 4 | _aCloth Books | |
| 650 | 4 | _aKindergarten's Literature | |
| 942 | _cBK | ||
| 999 |
_c119821 _d119821 |
||